[Event "398 Stay Safe Play From Home series"]
[Site "Emanuel Lasker Arena"]
[Date "2020.08.20"]
[Round "1"]
[White "Broken sword"]
[Black "Yuriko"]
[Result "1-0"]
[WhiteElo "2497"]
[BlackElo "1955"]
[Annotator "RC"]
[PlyCount "95"]
[EventDate "2020.08.20"]
[EventType "swiss (blitz)"]

1. e4 {[%emt 0:00:01]} c5 {[%emt 0:00:01]} 2. Nf3 {[%emt 0:00:01]} d6 {[%emt 0:00:01]} 3. d4 {[%emt 0:00:00]} cxd4 {[%emt 0:00:00]} 4. Nxd4 {[%emt 0:00:01]} Nf6 {[%emt 0:00:00]} 5. Nc3 {[%emt 0:00:00]} a6 {[%emt 0:00:00]} 6. Be3 {[%emt 0:00:01]} e6 {[%emt 0:00:01]} 7. f3 {[%emt 0:00:01]} Be7 {[%emt 0:00:00]} 8. Qd2 {[%emt 0:00:01]} Qc7 {[%emt 0:00:00]} 9. O-O-O {[%emt 0:00:01]} Nc6 {[%emt 0:00:00]} 10. g4 {[%emt 0:00:00]} Na5 {[%emt 0:00:00]} 11. Kb1 {[%emt 0:00:01]} Nd7 {[%emt 0:00:00]} 12. g5 {[%emt 0:00:01]} Ne5 {[%emt 0:00:00]} 13. Qf2 {[%emt 0:00:01]} Nec4 {[%emt 0:00:01]} 14. Bc1 {[%emt 0:00:00]} b5 {[%emt 0:00:01]} 15. h4 {[%emt 0:00:02]} Bd7 {[%emt 0:00:00]} 16. h5 {[%emt 0:00:01]} b4 {[%emt 0:00:00]} 17. Nce2 {[%emt 0:00:02]} Rb8 {[%emt 0:00:02]} 18. Ng3 {[%emt 0:00:01]} Ne5 {[%emt 0:00:09]} 19. Nb3 {[%emt 0:00:01]} Nxb3 {[%emt 0:00:02]} 20. axb3 {[%emt 0:00:00]} Nc6 {[%emt 0:00:01]} 21. f4 {[%emt 0:00:01]} a5 {[%emt 0:00:00]} 22. f5 {[%emt 0:00:01]} e5 {[%emt 0:00:01]} 23. f6 {[%emt 0:00:01]} gxf6 {[%emt 0:00:02]} 24. gxf6 {[%emt 0:00:00]} Bf8 {[%emt 0:00:00]} 25. Nf5 {[%emt 0:00:00]} Bxf5 {[%emt 0:00:00]} 26. Qxf5 {[%emt 0:00:01]} Qa7 {[%emt 0:00:02]} 27. Bc4 {[%emt 0:00:03]} Nd4 {[%emt 0:00:01]} 28. Rxd4 {[%emt 0:00:03]} Qxd4 {[%emt 0:00:02]} 29. Re1 {[%emt 0:00:01]} a4 {[%emt 0:00:02]} 30. Be3 {[%emt 0:00:01]} axb3 {[%emt 0:00:06]} 31. Bxd4 {[%emt 0:00:01]} bxc2+ {[%emt 0:00:00]} 32. Kxc2 {[%emt 0:00:00]} exd4 {[%emt 0:00:01]} 33. e5 {[%emt 0:00:01]} Kd8 {[%emt 0:00:05]} 34. e6 {[%emt 0:00:04]} fxe6 {[%emt 0:00:02]} 35. Qxe6 {[%emt 0:00:00]} d3+ {[%emt 0:00:01]} 36. Kxd3 {[%emt 0:00:01]} Kc7 {[%emt 0:00:03]} 37. Qf7+ {[%emt 0:00:01]} Kb6 {[%emt 0:00:01]} 38. Kc2 {[%emt 0:00:01]} Bh6 {[%emt 0:00:03]} 39. Kb3 {[%emt 0:00:01]} Rhd8 {[%emt 0:00:01]} 40. Rd1 {[%emt 0:00:01]} Bf4 {[%emt 0:00:01]} 41. Qd5 {[%emt 0:00:01]} Be5 {[%emt 0:00:01]} 42. Qb5+ {[%emt 0:00:01]} Kc7 {[%emt 0:00:00]} 43. Qa5+ {[%emt 0:00:01]} Kc6 {[%emt 0:00:01]} 44. Bd5+ {[%emt 0:00:01]} Kd7 {[%emt 0:00:00]} 45. Bf3 {[%emt 0:00:02]} Ke6 {[%emt 0:00:02]} 46. Rf1 {[%emt 0:00:03]} Ra8 {[%emt 0:00:02]} 47. Bxa8 {[%emt 0:00:02]} Rf8 {[%emt 0:00:01]} 48. Bd5+ {[%emt 0:00:01] Time Time Time (Lag: Av=0.38s, max=0.9s) (Lag: Av=0.38s, max=0.9s) (Lag: Av=0.38s, max=0.9s)} 1-0

[Event "398 Stay Safe Play From Home series"]
[Site "Emanuel Lasker Arena"]
[Date "2020.08.20"]
[Round "1"]
[White "Mepe_Nika"]
[Black "Lamborghini"]
[Result "1-0"]
[WhiteElo "2335"]
[BlackElo "2332"]
[PlyCount "109"]
[EventDate "2020.08.20"]
[EventType "swiss (blitz)"]

1. d4 {[%emt 0:00:01]} Nf6 {[%emt 0:00:02]} 2. Nf3 {[%emt 0:00:01]} g6 {[%emt 0:00:00]} 3. Bg5 {[%emt 0:00:01]} Bg7 {[%emt 0:00:00]} 4. Nbd2 {[%emt 0:00:01]} O-O {[%emt 0:00:01]} 5. e4 {[%emt 0:00:00]} d6 {[%emt 0:00:01]} 6. c3 {[%emt 0:00:01]} c6 {[%emt 0:00:01]} 7. Bd3 {[%emt 0:00:01]} Nbd7 {[%emt 0:00:01]} 8. O-O {[%emt 0:00:01]} e5 {[%emt 0:00:00]} 9. dxe5 {[%emt 0:00:01]} dxe5 {[%emt 0:00:01]} 10. Re1 {[%emt 0:00:01]} Qe7 {[%emt 0:00:01]} 11. Qc2 {[%emt 0:00:03]} h6 {[%emt 0:00:01]} 12. Be3 {[%emt 0:00:02]} Nc5 {[%emt 0:00:01]} 13. h3 {[%emt 0:00:01]} Nxd3 {[%emt 0:00:01]} 14. Qxd3 {[%emt 0:00:00]} Rd8 {[%emt 0:00:01]} 15. Qc2 {[%emt 0:00:01]} Nd7 {[%emt 0:00:01]} 16. a4 {[%emt 0:00:01]} Nf8 {[%emt 0:00:01]} 17. a5 {[%emt 0:00:01]} Ne6 {[%emt 0:00:01]} 18. b4 {[%emt 0:00:01]} Nf4 {[%emt 0:00:01]} 19. Nc4 {[%emt 0:00:03]} f6 {[%emt 0:00:03]} 20. Bxf4 {[%emt 0:00:02]} exf4 {[%emt 0:00:01]} 21. Rad1 {[%emt 0:00:00]} Be6 {[%emt 0:00:01]} 22. Nb2 {[%emt 0:00:02]} g5 {[%emt 0:00:01]} 23. Nd3 {[%emt 0:00:01]} b6 {[%emt 0:00:02]} 24. axb6 {[%emt 0:00:02]} axb6 {[%emt 0:00:00]} 25. e5 {[%emt 0:00:01]} f5 {[%emt 0:00:01]} 26. Nb2 {[%emt 0:00:03]} Bd5 {[%emt 0:00:02]} 27. Nd4 {[%emt 0:00:01]} Be4 {[%emt 0:00:01]} 28. Rxe4 {[%emt 0:00:01]} fxe4 {[%emt 0:00:01]} 29. Qxe4 {[%emt 0:00:00]} Qc7 {[%emt 0:00:04]} 30. Re1 {[%emt 0:00:03]} c5 {[%emt 0:00:01]} 31. Ne6 {[%emt 0:00:01]} Qe7 {[%emt 0:00:02]} 32. Nxd8 {[%emt 0:00:01]} Rxd8 {[%emt 0:00:02]} 33. Nc4 {[%emt 0:00:01]} cxb4 {[%emt 0:00:01]} 34. cxb4 {[%emt 0:00:00]} b5 {[%emt 0:00:00]} 35. Nd6 {[%emt 0:00:01]} Bxe5 {[%emt 0:00:02]} 36. Qd5+ {[%emt 0:00:02]} Kg7 {[%emt 0:00:02]} 37. Nf5+ {[%emt 0:00:02]} Kf6 {[%emt 0:00:01]} 38. Nxe7 {[%emt 0:00:01]} Rxd5 {[%emt 0:00:01]} 39. Nxd5+ {[%emt 0:00:01]} Ke6 {[%emt 0:00:00]} 40. Nc7+ {[%emt 0:00:02]} Kf5 {[%emt 0:00:01]} 41. Rxe5+ {[%emt 0:00:00]} Kxe5 {[%emt 0:00:01]} 42. Nxb5 {[%emt 0:00:00]} g4 {[%emt 0:00:01]} 43. Nc3 {[%emt 0:00:00]} g3 {[%emt 0:00:00]} 44. fxg3 {[%emt 0:00:01]} fxg3 {[%emt 0:00:01]} 45. b5 {[%emt 0:00:00]} Kd6 {[%emt 0:00:01]} 46. Kf1 {[%emt 0:00:01]} Kc5 {[%emt 0:00:01]} 47. Ke2 {[%emt 0:00:00]} h5 {[%emt 0:00:02]} 48. Kf3 {[%emt 0:00:01]} h4 {[%emt 0:00:00]} 49. Kg4 {[%emt 0:00:01]} Kc4 {[%emt 0:00:01]} 50. b6 {[%emt 0:00:01]} Kxc3 {[%emt 0:00:01]} 51. Kxh4 {[%emt 0:00:00]} Kd2 {[%emt 0:00:00]} 52. Kxg3 {[%emt 0:00:00]} Ke2 {[%emt 0:00:00]} 53. b7 {[%emt 0:00:00]} Kf1 {[%emt 0:00:00]} 54. b8=Q {[%emt 0:00:00]} Kg1 {[%emt 0:00:00]} 55. Qb1# {[%emt 0:00:01] (Lag: Av=0.39s, max=0.6s) (Lag: Av=0.39s, max=0.6s) (Lag: Av=0.39s, max=0.6s)} 1-0

[Event "398 Stay Safe Play From Home series"]
[Site "Emanuel Lasker Arena"]
[Date "2020.08.20"]
[Round "1"]
[White "Jhhonnyy"]
[Black "Klasman"]
[Result "1-0"]
[WhiteElo "2314"]
[BlackElo "1373"]
[PlyCount "41"]
[EventDate "2020.08.20"]
[EventType "swiss (blitz)"]

1. d4 {[%emt 0:00:01]} f5 {[%emt 0:00:01]} 2. c4 {[%emt 0:00:00]} Nf6 {[%emt 0:00:01]} 3. Nc3 {[%emt 0:00:02]} e6 {[%emt 0:00:01]} 4. e4 {[%emt 0:00:01]} Bb4 {[%emt 0:00:03]} 5. exf5 {[%emt 0:00:03]} O-O {[%emt 0:00:03]} 6. Bd3 {[%emt 0:00:00]} d5 {[%emt 0:00:03]} 7. cxd5 {[%emt 0:00:02]} Nxd5 {[%emt 0:00:03]} 8. Nge2 {[%emt 0:00:02]} exf5 {[%emt 0:00:05]} 9. O-O {[%emt 0:00:01]} Qh4 {[%emt 0:00:03]} 10. Nxd5 {[%emt 0:00:02]} Bd6 {[%emt 0:00:03]} 11. g3 {[%emt 0:00:02]} Qh3 {[%emt 0:00:02]} 12. Nef4 {[%emt 0:00:01]} Bxf4 {[%emt 0:00:07]} 13. Nxf4 {[%emt 0:00:01]} Qh6 {[%emt 0:00:04]} 14. b3 {[%emt 0:00:01]} Nc6 {[%emt 0:00:03]} 15. Bb2 {[%emt 0:00:01]} g5 {[%emt 0:00:03]} 16. Ng2 {[%emt 0:00:03]} f4 {[%emt 0:00:01]} 17. Be4 {[%emt 0:00:04]} Bh3 {[%emt 0:00:05]} 18. Rc1 {[%emt 0:00:03]} Rae8 {[%emt 0:00:03]} 19. Re1 {[%emt 0:00:02]} Rxe4 {[%emt 0:00:01]} 20. Rxe4 {[%emt 0:00:01]} f3 {[%emt 0:00:02]} 21. Ne3 {[%emt 0:00:03] Time Time Time (Lag: Av=0.43s, max=0.5s) (Lag: Av=0.43s, max=0.5s) (Lag: Av=0.43s, max=0.5s)} 1-0

[Event "398 Stay Safe Play From Home series"]
[Site "Emanuel Lasker Arena"]
[Date "2020.08.20"]
[Round "1"]
[White "MihailoVujic"]
[Black "Padmaesh M K"]
[Result "1-0"]
[WhiteElo "2193"]
[BlackElo "1885"]
[Annotator "NA"]
[PlyCount "51"]
[EventDate "2020.08.20"]
[EventType "swiss (blitz)"]

1. e4 {[%emt 0:00:01]} e6 {[%emt 0:00:01]} 2. d4 {[%emt 0:00:01]} d5 {[%emt 0:00:00]} 3. Nc3 {[%emt 0:00:01]} Bb4 {[%emt 0:00:06]} 4. e5 {[%emt 0:00:02]} c5 {[%emt 0:00:01]} 5. a3 {[%emt 0:00:00]} Bxc3+ {[%emt 0:00:01]} 6. bxc3 {[%emt 0:00:00]} c4 {[%emt 0:00:01]} 7. a4 {[%emt 0:00:01]} Ne7 {[%emt 0:00:01]} 8. Ba3 {[%emt 0:00:01]} Bd7 {[%emt 0:00:01]} 9. Bxe7 {[%emt 0:00:02]} Qxe7 {[%emt 0:00:02]} 10. Nf3 {[%emt 0:00:00]} Nc6 {[%emt 0:00:01]} 11. Be2 {[%emt 0:00:01]} a6 {[%emt 0:00:01]} 12. O-O {[%emt 0:00:00]} O-O {[%emt 0:00:01]} 13. h3 {[%emt 0:00:01]} b5 {[%emt 0:00:01]} 14. axb5 {[%emt 0:00:04]} axb5 {[%emt 0:00:00]} 15. Qd2 {[%emt 0:00:01]} Ra3 {[%emt 0:00:02]} 16. Rxa3 {[%emt 0:00:03]} Qxa3 {[%emt 0:00:00]} 17. Nh4 {[%emt 0:00:05]} Ra8 {[%emt 0:00:01]} 18. f4 {[%emt 0:00:01]} b4 {[%emt 0:00:01]} 19. cxb4 {[%emt 0:00:02]} Qxb4 {[%emt 0:00:00]} 20. c3 {[%emt 0:00:01]} Qb3 {[%emt 0:00:01]} 21. f5 {[%emt 0:00:02]} Ra2 {[%emt 0:00:01]} 22. Qe3 {[%emt 0:00:02]} Qc2 {[%emt 0:00:01]} 23. f6 {[%emt 0:00:08]} Qxe2 {[%emt 0:00:03]} 24. Qg5 {[%emt 0:00:00]} g6 {[%emt 0:00:07]} 25. Qh6 {[%emt 0:00:01]} Qe3+ {[%emt 0:00:03]} 26. Qxe3 {[%emt 0:00:01] Padmaesh M K resigns Padmaesh M K resigns Padmaesh M K resigns (Lag: Av=0.66s, max=1.8s) (Lag: Av=0.66s, max=1.8s) (Lag: Av=0.66s, max=1.8s)} 1-0

[Event "398 Stay Safe Play From Home series"]
[Site "Emanuel Lasker Arena"]
[Date "2020.08.20"]
[Round "1"]
[White "AlexK"]
[Black "IceQueen"]
[Result "0-1"]
[WhiteElo "2071"]
[BlackElo "2417"]
[PlyCount "90"]
[EventDate "2020.08.20"]
[EventType "swiss (blitz)"]

1. d4 {[%emt 0:00:02]} c5 {[%emt 0:00:00]} 2. Nf3 {[%emt 0:00:01]} cxd4 {[%emt 0:00:01]} 3. Nxd4 {[%emt 0:00:01]} d5 {[%emt 0:00:01]} 4. Nb3 {[%emt 0:00:01]} Nc6 {[%emt 0:00:01]} 5. g3 {[%emt 0:00:01]} a5 {[%emt 0:00:01]} 6. a4 {[%emt 0:00:01]} Nf6 {[%emt 0:00:01]} 7. Bg2 {[%emt 0:00:00]} Bg4 {[%emt 0:00:01]} 8. O-O {[%emt 0:00:00]} e6 {[%emt 0:00:00]} 9. h3 {[%emt 0:00:01]} Bh5 {[%emt 0:00:00]} 10. c3 {[%emt 0:00:01]} Be7 {[%emt 0:00:01]} 11. Na3 {[%emt 0:00:01]} O-O {[%emt 0:00:01]} 12. Nb5 {[%emt 0:00:01]} Qd7 {[%emt 0:00:01]} 13. Be3 {[%emt 0:00:02]} Rfc8 {[%emt 0:00:01]} 14. Nc5 {[%emt 0:00:02]} Bxc5 {[%emt 0:00:01]} 15. Bxc5 {[%emt 0:00:01]} Ne5 {[%emt 0:00:01]} 16. Bd4 {[%emt 0:00:01]} Nc4 {[%emt 0:00:03]} 17. b3 {[%emt 0:00:01]} Nd6 {[%emt 0:00:01]} 18. Nxd6 {[%emt 0:00:03]} Qxd6 {[%emt 0:00:00]} 19. Qd2 {[%emt 0:00:03]} e5 {[%emt 0:00:02]} 20. Be3 {[%emt 0:00:01]} Qc6 {[%emt 0:00:02]} 21. Rac1 {[%emt 0:00:01]} Rd8 {[%emt 0:00:01]} 22. c4 {[%emt 0:00:01]} Ne4 {[%emt 0:00:03]} 23. cxd5 {[%emt 0:00:05]} Nxd2 {[%emt 0:00:06]} 24. dxc6 {[%emt 0:00:01]} Nxf1 {[%emt 0:00:01]} 25. cxb7 {[%emt 0:00:01]} Rab8 {[%emt 0:00:02]} 26. Kxf1 {[%emt 0:00:01]} Bg6 {[%emt 0:00:05]} 27. Bf3 {[%emt 0:00:03]} e4 {[%emt 0:00:01]} 28. Bf4 {[%emt 0:00:02]} Rxb7 {[%emt 0:00:03]} 29. Bg2 {[%emt 0:00:01]} Rbd7 {[%emt 0:00:01]} 30. Kg1 {[%emt 0:00:04]} Rd1+ {[%emt 0:00:02]} 31. Kh2 {[%emt 0:00:01]} Rxc1 {[%emt 0:00:01]} 32. Bxc1 {[%emt 0:00:01]} Rb8 {[%emt 0:00:00]} 33. Bd2 {[%emt 0:00:01]} Rxb3 {[%emt 0:00:00]} 34. Bxa5 {[%emt 0:00:01]} Ra3 {[%emt 0:00:00]} 35. Bc7 {[%emt 0:00:02]} Rxa4 {[%emt 0:00:01]} 36. f3 {[%emt 0:00:00]} f5 {[%emt 0:00:00]} 37. fxe4 {[%emt 0:00:01]} fxe4 {[%emt 0:00:00]} 38. g4 {[%emt 0:00:01]} Kf7 {[%emt 0:00:00]} 39. Kg3 {[%emt 0:00:01]} Ke6 {[%emt 0:00:01]} 40. Kf4 {[%emt 0:00:00]} Rc4 {[%emt 0:00:01]} 41. Bd8 {[%emt 0:00:02]} h6 {[%emt 0:00:02]} 42. h4 {[%emt 0:00:01]} Rc2 {[%emt 0:00:01]} 43. Ke3 {[%emt 0:00:02]} h5 {[%emt 0:00:01]} 44. g5 {[%emt 0:00:01]} Bf5 {[%emt 0:00:00]} 45. Bf1 {[%emt 0:00:02]} Rc1 {[%emt 0:00:02] TimeW TimeW TimeW} 0-1

[Event "398 Stay Safe Play From Home series"]
[Site "Emanuel Lasker Arena"]
[Date "2020.08.20"]
[Round "1"]
[White "Stefansmtk"]
[Black "AChessPlayer"]
[Result "0-1"]
[WhiteElo "1952"]
[BlackElo "2394"]
[PlyCount "76"]
[EventDate "2020.08.20"]
[EventType "swiss (blitz)"]

1. d4 {[%emt 0:00:00]} Nf6 {[%emt 0:00:01]} 2. Nf3 {[%emt 0:00:01]} d6 {[%emt 0:00:00]} 3. c4 {[%emt 0:00:01]} Nbd7 {[%emt 0:00:00]} 4. Nc3 {[%emt 0:00:00]} e5 {[%emt 0:00:00]} 5. e3 {[%emt 0:00:00]} Be7 {[%emt 0:00:00]} 6. Be2 {[%emt 0:00:01]} O-O {[%emt 0:00:00]} 7. O-O {[%emt 0:00:00]} Re8 {[%emt 0:00:00]} 8. b3 {[%emt 0:00:00]} c6 {[%emt 0:00:01]} 9. Bb2 {[%emt 0:00:01]} Qc7 {[%emt 0:00:00]} 10. d5 {[%emt 0:00:01]} a6 {[%emt 0:00:01]} 11. dxc6 {[%emt 0:00:02]} bxc6 {[%emt 0:00:01]} 12. Qc2 {[%emt 0:00:00]} Bf8 {[%emt 0:00:01]} 13. Rfd1 {[%emt 0:00:01]} Bb7 {[%emt 0:00:01]} 14. Na4 {[%emt 0:00:03]} Rad8 {[%emt 0:00:03]} 15. c5 {[%emt 0:00:01]} d5 {[%emt 0:00:01]} 16. b4 {[%emt 0:00:04]} e4 {[%emt 0:00:02]} 17. Nd4 {[%emt 0:00:01]} Ne5 {[%emt 0:00:00]} 18. h3 {[%emt 0:00:02]} h5 {[%emt 0:00:02]} 19. Nb6 {[%emt 0:00:06]} g6 {[%emt 0:00:02]} 20. Qc3 {[%emt 0:00:02]} Bg7 {[%emt 0:00:01]} 21. Qa3 {[%emt 0:00:03]} Nfd7 {[%emt 0:00:05]} 22. Bxa6 {[%emt 0:00:06]} Nxb6 {[%emt 0:00:02]} 23. cxb6 {[%emt 0:00:01]} Qxb6 {[%emt 0:00:00]} 24. Bxb7 {[%emt 0:00:00]} Qxb7 {[%emt 0:00:00]} 25. Qa5 {[%emt 0:00:02]} Nd3 {[%emt 0:00:01]} 26. Bc3 {[%emt 0:00:03]} Ra8 {[%emt 0:00:01]} 27. Qc5 {[%emt 0:00:02]} Nxc5 {[%emt 0:00:01]} 28. bxc5 {[%emt 0:00:01]} Ra3 {[%emt 0:00:00]} 29. Bb4 {[%emt 0:00:01]} Ra4 {[%emt 0:00:01]} 30. a3 {[%emt 0:00:01]} Rea8 {[%emt 0:00:01]} 31. Rab1 {[%emt 0:00:04]} Qd7 {[%emt 0:00:00]} 32. Kf1 {[%emt 0:00:03]} Bxd4 {[%emt 0:00:01]} 33. exd4 {[%emt 0:00:01]} g5 {[%emt 0:00:00]} 34. Bd2 {[%emt 0:00:01]} g4 {[%emt 0:00:01]} 35. hxg4 {[%emt 0:00:01]} hxg4 {[%emt 0:00:00]} 36. Bb4 {[%emt 0:00:01]} Qf5 {[%emt 0:00:02]} 37. Kg1 {[%emt 0:00:01]} Rb8 {[%emt 0:00:03]} 38. Rb3 {[%emt 0:00:01]} Rb5 {[%emt 0:00:01] Zeit Zeit Zeit (Lag: Av=0.47s, max=0.7s) (Lag: Av=0.47s, max=0.7s) (Lag: Av=0.47s, max=0.7s)} 0-1

[Event "398 Stay Safe Play From Home series"]
[Site "Emanuel Lasker Arena"]
[Date "2020.08.20"]
[Round "1"]
[White "Trapper"]
[Black "Hickey"]
[Result "0-1"]
[WhiteElo "1652"]
[BlackElo "2199"]
[PlyCount "58"]
[EventDate "2020.08.20"]
[EventType "swiss (blitz)"]

1. d4 {[%emt 0:00:01]} Nf6 {[%emt 0:00:01]} 2. c4 {[%emt 0:00:01]} e6 {[%emt 0:00:00]} 3. Nc3 {[%emt 0:00:02]} Bb4 {[%emt 0:00:00]} 4. Nf3 {[%emt 0:00:01]} O-O {[%emt 0:00:01]} 5. e3 {[%emt 0:00:01]} b6 {[%emt 0:00:01]} 6. Bd2 {[%emt 0:00:01]} Bb7 {[%emt 0:00:01]} 7. Qb3 {[%emt 0:00:01]} Bxc3 {[%emt 0:00:01]} 8. Bxc3 {[%emt 0:00:01]} Ne4 {[%emt 0:00:00]} 9. Bd3 {[%emt 0:00:01]} f5 {[%emt 0:00:01]} 10. Bxe4 {[%emt 0:00:01]} fxe4 {[%emt 0:00:01]} 11. Ne5 {[%emt 0:00:01]} d6 {[%emt 0:00:01]} 12. Ng4 {[%emt 0:00:03]} Qh4 {[%emt 0:00:01]} 13. g3 {[%emt 0:00:02]} Qxg4 {[%emt 0:00:02]} 14. c5 {[%emt 0:00:01]} Nd7 {[%emt 0:00:04]} 15. cxb6 {[%emt 0:00:01]} cxb6 {[%emt 0:00:02]} 16. d5 {[%emt 0:00:01]} Bxd5 {[%emt 0:00:01]} 17. Qb5 {[%emt 0:00:01]} Qf3 {[%emt 0:00:02]} 18. Kd2 {[%emt 0:00:04]} Nc5 {[%emt 0:00:01]} 19. Rhf1 {[%emt 0:00:10]} Qg2 {[%emt 0:00:02]} 20. Bd4 {[%emt 0:00:02]} Rxf2+ {[%emt 0:00:01]} 21. Rxf2 {[%emt 0:00:02]} Qxf2+ {[%emt 0:00:00]} 22. Kc3 {[%emt 0:00:01]} Rc8 {[%emt 0:00:04]} 23. Kb4 {[%emt 0:00:02]} Nd3+ {[%emt 0:00:03]} 24. Ka3 {[%emt 0:00:03]} Qc2 {[%emt 0:00:02]} 25. Qd7 {[%emt 0:00:02]} Qc4 {[%emt 0:00:05]} 26. Qxa7 {[%emt 0:00:07]} e5 {[%emt 0:00:06]} 27. Qxb6 {[%emt 0:00:01]} exd4 {[%emt 0:00:02]} 28. Qb4 {[%emt 0:00:02]} Ra8+ {[%emt 0:00:01]} 29. Qa4 {[%emt 0:00:02]} Rxa4# {[%emt 0:00:00] (Lag: Av=0.91s, max=1.1s) (Lag: Av=0.91s, max=1.1s) (Lag: Av=0.91s, max=1.1s)} 0-1

[Event "398 Stay Safe Play From Home series"]
[Site "Emanuel Lasker Arena"]
[Date "2020.08.20"]
[Round "2"]
[White "Broken sword"]
[Black "Jhhonnyy"]
[Result "1-0"]
[WhiteElo "2499"]
[BlackElo "2314"]
[Annotator "RC"]
[PlyCount "107"]
[EventDate "2020.08.20"]
[EventType "swiss (blitz)"]

1. e4 {[%emt 0:00:01]} c5 {[%emt 0:00:01]} 2. Nf3 {[%emt 0:00:01]} e6 {[%emt 0:00:00]} 3. d4 {[%emt 0:00:00]} cxd4 {[%emt 0:00:00]} 4. Nxd4 {[%emt 0:00:00]} a6 {[%emt 0:00:00]} 5. Bd3 {[%emt 0:00:01]} g6 {[%emt 0:00:03]} 6. O-O {[%emt 0:00:01]} Bg7 {[%emt 0:00:00]} 7. c3 {[%emt 0:00:01]} Ne7 {[%emt 0:00:00]} 8. Be3 {[%emt 0:00:01]} Nbc6 {[%emt 0:00:02]} 9. Nd2 {[%emt 0:00:00]} O-O {[%emt 0:00:01]} 10. N2f3 {[%emt 0:00:01]} d5 {[%emt 0:00:00]} 11. exd5 {[%emt 0:00:00]} Nxd5 {[%emt 0:00:01]} 12. Bg5 {[%emt 0:00:01]} Qb6 {[%emt 0:00:02]} 13. Qd2 {[%emt 0:00:01]} e5 {[%emt 0:00:03]} 14. Nb3 {[%emt 0:00:03]} Be6 {[%emt 0:00:02]} 15. Be4 {[%emt 0:00:02]} Nf6 {[%emt 0:00:05]} 16. Bc2 {[%emt 0:00:02]} Rad8 {[%emt 0:00:01]} 17. Qc1 {[%emt 0:00:00]} h6 {[%emt 0:00:01]} 18. Bxh6 {[%emt 0:00:01]} Ng4 {[%emt 0:00:02]} 19. Bxg7 {[%emt 0:00:01]} Kxg7 {[%emt 0:00:00]} 20. h3 {[%emt 0:00:00]} Nf6 {[%emt 0:00:01]} 21. Re1 {[%emt 0:00:01]} Qc7 {[%emt 0:00:02]} 22. Qg5 {[%emt 0:00:01]} Rh8 {[%emt 0:00:01]} 23. Qg3 {[%emt 0:00:02]} Nh5 {[%emt 0:00:02]} 24. Qh2 {[%emt 0:00:01]} Nf4 {[%emt 0:00:01]} 25. Nxe5 {[%emt 0:00:01]} Nxe5 {[%emt 0:00:02]} 26. Qxf4 {[%emt 0:00:02]} f6 {[%emt 0:00:07]} 27. Qg3 {[%emt 0:00:00]} Bc8 {[%emt 0:00:03]} 28. Rad1 {[%emt 0:00:01]} Rde8 {[%emt 0:00:01]} 29. Nd4 {[%emt 0:00:01]} b5 {[%emt 0:00:01]} 30. Bb3 {[%emt 0:00:01]} Qb6 {[%emt 0:00:02]} 31. f4 {[%emt 0:00:02]} Nc4 {[%emt 0:00:01]} 32. Bxc4 {[%emt 0:00:01]} bxc4 {[%emt 0:00:01]} 33. Qf2 {[%emt 0:00:01]} Qc7 {[%emt 0:00:03]} 34. Rxe8 {[%emt 0:00:01]} Rxe8 {[%emt 0:00:01]} 35. Rd2 {[%emt 0:00:00]} Rd8 {[%emt 0:00:01]} 36. Re2 {[%emt 0:00:01]} Qc5 {[%emt 0:00:01]} 37. Qe3 {[%emt 0:00:01]} Qf8 {[%emt 0:00:01]} 38. Qe7+ {[%emt 0:00:01]} Qxe7 {[%emt 0:00:00]} 39. Rxe7+ {[%emt 0:00:00]} Kf8 {[%emt 0:00:00]} 40. Rc7 {[%emt 0:00:01]} Bd7 {[%emt 0:00:01]} 41. Rxc4 {[%emt 0:00:01]} Be8 {[%emt 0:00:00]} 42. Rc7 {[%emt 0:00:02]} Rb8 {[%emt 0:00:00]} 43. b3 {[%emt 0:00:01]} a5 {[%emt 0:00:00]} 44. Ne6+ {[%emt 0:00:02]} Kg8 {[%emt 0:00:01]} 45. Rg7+ {[%emt 0:00:01]} Kh8 {[%emt 0:00:00]} 46. Re7 {[%emt 0:00:00]} a4 {[%emt 0:00:01]} 47. b4 {[%emt 0:00:00]} Rc8 {[%emt 0:00:01]} 48. c4 {[%emt 0:00:00]} Rxc4 {[%emt 0:00:02]} 49. Rxe8+ {[%emt 0:00:01]} Kh7 {[%emt 0:00:00]} 50. Ra8 {[%emt 0:00:02]} Kh6 {[%emt 0:00:00]} 51. Rxa4 {[%emt 0:00:01]} g5 {[%emt 0:00:00]} 52. fxg5+ {[%emt 0:00:01]} fxg5 {[%emt 0:00:00]} 53. b5 {[%emt 0:00:01]} Kh5 {[%emt 0:00:00]} 54. Rxc4 {[%emt 0:00:01] Jhhonnyy gibt auf Jhhonnyy gibt auf Jhhonnyy gibt auf (Lag: Av=0.33s, max=0.9s) (Lag: Av=0.33s, max=0.9s) (Lag: Av=0.33s, max=0.9s)} 1-0

[Event "398 Stay Safe Play From Home series"]
[Site "Emanuel Lasker Arena"]
[Date "2020.08.20"]
[Round "2"]
[White "IceQueen"]
[Black "MihailoVujic"]
[Result "1-0"]
[WhiteElo "2421"]
[BlackElo "2198"]
[PlyCount "83"]
[EventDate "2020.08.20"]
[EventType "swiss (blitz)"]

1. e4 {[%emt 0:00:01]} e5 {[%emt 0:00:00]} 2. Nc3 {[%emt 0:00:00]} Nc6 {[%emt 0:00:01]} 3. Bc4 {[%emt 0:00:02]} Nf6 {[%emt 0:00:01]} 4. d3 {[%emt 0:00:00]} Bc5 {[%emt 0:00:02]} 5. Be3 {[%emt 0:00:01]} Bxe3 {[%emt 0:00:02]} 6. fxe3 {[%emt 0:00:00]} d6 {[%emt 0:00:01]} 7. Nf3 {[%emt 0:00:01]} O-O {[%emt 0:00:00]} 8. O-O {[%emt 0:00:00]} Be6 {[%emt 0:00:00]} 9. Nd5 {[%emt 0:00:02]} Bxd5 {[%emt 0:00:01]} 10. exd5 {[%emt 0:00:01]} Ne7 {[%emt 0:00:01]} 11. e4 {[%emt 0:00:01]} Ng6 {[%emt 0:00:01]} 12. Qd2 {[%emt 0:00:01]} Nh5 {[%emt 0:00:01]} 13. Rae1 {[%emt 0:00:01]} Nhf4 {[%emt 0:00:01]} 14. d4 {[%emt 0:00:00]} exd4 {[%emt 0:00:03]} 15. Nxd4 {[%emt 0:00:00]} Qg5 {[%emt 0:00:01]} 16. Kh1 {[%emt 0:00:03]} Rae8 {[%emt 0:00:06]} 17. Nf5 {[%emt 0:00:03]} Re5 {[%emt 0:00:05]} 18. g3 {[%emt 0:00:01]} Nh3 {[%emt 0:00:01]} 19. Qg2 {[%emt 0:00:00]} Qg4 {[%emt 0:00:20]} 20. Be2 {[%emt 0:00:02]} Qxe4 {[%emt 0:00:01] MihailoVujic offers a draw MihailoVujic offers a draw MihailoVujic offers a draw} 21. Qxe4 {[%emt 0:00:12]} Rxe4 {[%emt 0:00:01]} 22. Bd3 {[%emt 0:00:01]} Nf2+ {[%emt 0:00:01]} 23. Kg2 {[%emt 0:00:01]} Rxe1 {[%emt 0:00:01]} 24. Rxe1 {[%emt 0:00:00]} Nxd3 {[%emt 0:00:00]} 25. cxd3 {[%emt 0:00:00]} Ne5 {[%emt 0:00:00]} 26. d4 {[%emt 0:00:01]} Nd3 {[%emt 0:00:01]} 27. Re2 {[%emt 0:00:01]} g6 {[%emt 0:00:01]} 28. Nh6+ {[%emt 0:00:03]} Kg7 {[%emt 0:00:01]} 29. Ng4 {[%emt 0:00:00]} f5 {[%emt 0:00:01]} 30. Ne3 {[%emt 0:00:00]} Re8 {[%emt 0:00:01]} 31. Kf3 {[%emt 0:00:02]} Kf6 {[%emt 0:00:01]} 32. g4 {[%emt 0:00:02]} f4 {[%emt 0:00:02]} 33. Nc4 {[%emt 0:00:03]} Rxe2 {[%emt 0:00:00]} 34. Kxe2 {[%emt 0:00:00]} Nb4 {[%emt 0:00:00]} 35. Na5 {[%emt 0:00:00]} Nxd5 {[%emt 0:00:00]} 36. Nxb7 {[%emt 0:00:01]} Kg5 {[%emt 0:00:00]} 37. b3 {[%emt 0:00:00]} Kxg4 {[%emt 0:00:00]} 38. Kf2 {[%emt 0:00:01]} f3 {[%emt 0:00:00]} 39. Nd8 {[%emt 0:00:00]} Nf4 {[%emt 0:00:00]} 40. Ne6 {[%emt 0:00:00]} Nh3+ {[%emt 0:00:00]} 41. Kf1 {[%emt 0:00:00]} f2 {[%emt 0:00:01]} 42. d5 {[%emt 0:00:00] (Lag: Av=0.73s, max=1.3s) (Lag: Av=0.73s, max=1.3s) (Lag: Av=0.73s, max=1.3s)} 1-0